Miscellanea biblica B. Ubach / curante Dom. Romualdo Ma Díaz
Descripción Física:
XI, 474 p., [1] f., [2] p. de làm. : il. ; 25 cm
Colección:
Scripta et documenta ; 1
Otros Autores:
Díaz, Romualdo Ma
MARC
| LEADER | 00000nam a2200000Ia 4500 | ||
|---|---|---|---|
| 001 | 13931 | ||
| 008 | 160829s1953 xx 000 0 cat d | ||
| 080 | |a F-1-66 | ||
| 245 | |a Miscellanea biblica B. Ubach / curante Dom. Romualdo Ma Díaz | ||
| 260 | |a Montisserrati : |b [s.n.], |c 1953 | ||
| 300 | |a XI, 474 p., [1] f., [2] p. de làm. : |b il. ; |c 25 cm | ||
| 490 | |a Scripta et documenta ; 1 | ||
| 590 | |a Multilingüe. | ||
| 590 | |a Notes, referències bibliogràfiques. | ||
| 590 | |a Índex | ||
| 650 | |a Ubach, Bonaventura |9 27338 | ||
| 650 | |a Biblia |x Comentaris |9 27339 | ||
| 650 | |a Biblia |x Reculls d'escrits |9 27340 | ||
| 700 | |a Díaz, Romualdo Ma |9 27341 | ||
| 901 | |a Arxiu | ||
| 942 | |n 1 | ||
| 952 | |0 0 |1 0 |4 0 |6 F166 |7 1 |9 44355 |a Arxiu |b Arxiu |d 2016-12-01 |l 0 |o F-1-66 |p 13931 |r 2016-12-01 00:00:00 |w 2016-12-01 |y ARXIU | ||
| 999 | |c 46936 |d 46936 | ||